Fundamentos de corriente continua

Bibliographic Details
Main Author: Loper, Orla
Format: Section = Libro
Language:Undetermined
Spanish
Published: México Diana 1979
Subjects:
LEADER 00435nam a2200169Ia 4500
008 240829s9999 xx 000 0 und d
040 |a BIBLIOTECA-RUPAP 621.31912 L864 
041 |a spa 
082 |a 621.31912 L864 
100 1 |a Loper, Orla 
245 1 0 |a Fundamentos de corriente continua 
260 |a México  |b Diana  |c 1979 
300 |a 370 p. :il. 
650 7 |a CORRIENTE CONTINUA. I. Tít. 
942 |c BK  |2 ddc 
991 |a TEXTO 
999 |c 9303